[Event "4NCL Division 2c"]
[Site "Telford, ENG"]
[Date "2018.05.06"]
[Round "10.11"]
[White "Lupulescu, Constantin"]
[Black "Macklin, Paul"]
[Result "1/2-1/2"]
[WhiteElo "2621"]
[BlackElo "2395"]
[PlyCount "77"]
[EventDate "2018.05.06"]
[WhiteTeam "Manx Liberty"]
[BlackTeam "Manchester Manticores 1"]

1. d4 g6 2. c4 Bg7 3. e4 d6 4. Nc3 Nf6 5. h3 O-O 6. Be3 e5 7. d5 a5 8. g4 Na6
9. Nge2 c6 10. Ng3 cxd5 11. cxd5 Nc5 12. Be2 a4 13. Bxc5 dxc5 14. Nxa4 Qa5+ 15.
Nc3 Bd7 16. Qd2 b5 17. Kf1 Ne8 18. h4 Nd6 19. h5 Qd8 20. Kg2 Qf6 21. a4 bxa4
22. Qc2 Bh6 23. Nxa4 Rxa4 24. Rxa4 Bxa4 25. Qxa4 Bf4 26. Qc2 Rb8 27. b3 Ra8 28.
Bc4 Qg5 29. Qe2 Rf8 30. Rh3 Ra8 31. Rh1 Kg7 32. Kh3 Ra5 33. Rg1 Kh8 34. Re1 Ra7
35. Rh1 Kg7 36. Kg2 Ra3 37. Kh3 Ra7 38. Rg1 Kh8 39. Rh1 1/2-1/2

[Event "4NCL Division 2c"]
[Site "Telford, ENG"]
[Date "2018.05.06"]
[Round "10.12"]
[White "Polaczek, Richard"]
[Black "Parligras, Mircea-Emilian"]
[Result "0-1"]
[WhiteElo "2378"]
[BlackElo "2642"]
[PlyCount "40"]
[EventDate "2018.05.06"]
[WhiteTeam "Manchester Manticores 1"]
[BlackTeam "Manx Liberty"]

1. d4 Nf6 2. c4 e6 3. Nc3 Bb4 4. e3 O-O 5. Nge2 c6 6. a3 Ba5 7. b4 Bc7 8. Ng3
d5 9. Bb2 Nbd7 10. f4 a5 11. c5 e5 12. fxe5 Nxe5 13. dxe5 Ng4 14. Qd2 axb4 15.
axb4 Rxa1+ 16. Bxa1 Bxe5 17. Be2 Qh4 18. Bxg4 Bxg3+ 19. Kd1 Bxg4+ 20. Kc2 Bf5+
0-1

[Event "4NCL Division 2c"]
[Site "Telford, ENG"]
[Date "2018.05.06"]
[Round "10.13"]
[White "Cyborowski, Lukasz"]
[Black "Jaunooby, Ali R"]
[Result "1-0"]
[WhiteElo "2510"]
[BlackElo "2177"]
[PlyCount "79"]
[EventDate "2018.05.06"]
[WhiteTeam "Manx Liberty"]
[BlackTeam "Manchester Manticores 1"]

1. d4 d5 2. Nf3 Nf6 3. c4 c6 4. e3 Bg4 5. h3 Bh5 6. Nc3 e6 7. g4 Bg6 8. Ne5
Nbd7 9. Nxg6 hxg6 10. Bd2 a6 11. g5 Ng8 12. cxd5 cxd5 13. e4 Nb6 14. exd5 Nxd5
15. Qb3 Bb4 16. a3 Bxc3 17. bxc3 b5 18. a4 b4 19. c4 Nc7 20. Bg2 a5 21. Bc6+
Kf8 22. Bxa8 Qxa8 23. O-O Ne7 24. Bf4 e5 25. Bxe5 Ne6 26. f4 Nf5 27. d5 Qa7+
28. Kh2 Nc5 29. Qf3 Nd7 30. c5 f6 31. gxf6 gxf6 32. c6 Nxe5 33. fxe5 fxe5 34.
Rac1 Kg7 35. c7 Qa6 36. Rc6 Qc8 37. Qg4 Ne7 38. Qxc8 Rxc8 39. Rc5 Nf5 40. Rxf5
1-0

[Event "4NCL Division 2c"]
[Site "Telford, ENG"]
[Date "2018.05.06"]
[Round "10.14"]
[White "Mazek, Marek"]
[Black "Bobras, Piotr"]
[Result "0-1"]
[WhiteElo "2110"]
[BlackElo "2508"]
[PlyCount "122"]
[EventDate "2018.05.06"]
[WhiteTeam "Manchester Manticores 1"]
[BlackTeam "Manx Liberty"]

1. d4 Nf6 2. c4 g6 3. g3 Bg7 4. Bg2 O-O 5. Nc3 d6 6. Nf3 Nc6 7. h3 Rb8 8. O-O
a6 9. d5 Na5 10. Nd2 c5 11. a4 Bd7 12. Rb1 e6 13. e4 exd5 14. cxd5 b5 15. axb5
axb5 16. b4 cxb4 17. Na2 b3 18. Nxb3 Re8 19. Re1 b4 20. Bd2 Ba4 21. Nac1 Nc4
22. Ra1 Nxe4 23. Rxe4 Nxd2 24. Rxe8+ Qxe8 25. Ra2 Nb1 26. Qe2 Nc3 27. Qxe8+
Rxe8 28. Rd2 Re1+ 29. Kh2 h5 30. h4 Bh6 31. f4 Bg7 32. Nd3 Re3 33. Na5 Nb1 34.
Ra2 Nc3 35. Rd2 Ne4 36. Ra2 Rxd3 37. Bxe4 Ra3 38. Rxa3 bxa3 39. Bb1 Bc3 40. Nc4
Bb4 41. Ba2 Bc2 42. Kg1 Be4 43. Ne3 Be1 44. Kh2 f5 45. Nc4 Bxd5 46. Kh3 Kf8 47.
Kh2 Ke7 48. Kh3 Kd8 49. Kh2 Kc7 50. Kh3 Bxc4 51. Bxc4 Kb6 52. Kg2 Kc5 53. Ba2
Kd4 54. Kf3 Kc3 55. Bf7 Kb2 56. Ke3 Bxg3 57. Kd4 a2 58. Bxa2 Kxa2 59. Kd5 Bxf4
60. Ke6 Be5 61. Kf7 f4 0-1

[Event "4NCL Division 2c"]
[Site "Telford, ENG"]
[Date "2018.05.06"]
[Round "10.15"]
[White "Galyas, Miklos"]
[Black "Peacock, Malcolm R"]
[Result "1-0"]
[WhiteElo "2495"]
[BlackElo "2080"]
[PlyCount "53"]
[EventDate "2018.05.06"]
[WhiteTeam "Manx Liberty"]
[BlackTeam "Manchester Manticores 1"]

1. d4 c5 2. d5 e5 3. e4 d6 4. Bb5+ Nd7 5. a4 Ngf6 6. Nc3 Be7 7. Nf3 O-O 8. O-O
a6 9. Be2 Ne8 10. Nd2 Bg5 11. Nc4 g6 12. a5 Bxc1 13. Qxc1 f5 14. f4 Qe7 15.
exf5 gxf5 16. fxe5 Nxe5 17. Qe3 Bd7 18. Rae1 Ng7 19. Nxe5 Qxe5 20. Qxe5 dxe5
21. Bc4 Rae8 22. d6+ Be6 23. d7 Bxc4 24. dxe8=Q Rxe8 25. Rf2 e4 26. g4 fxg4 27.
Rxe4 1-0

[Event "4NCL Division 2c"]
[Site "Telford, ENG"]
[Date "2018.05.06"]
[Round "10.16"]
[White "Hamer, Martyn"]
[Black "Jaracz, Pawel"]
[Result "0-1"]
[WhiteElo "2102"]
[BlackElo "2463"]
[PlyCount "84"]
[EventDate "2018.05.06"]
[WhiteTeam "Manchester Manticores 1"]
[BlackTeam "Manx Liberty"]

1. d4 d5 2. c4 c6 3. Nf3 Nf6 4. Nc3 dxc4 5. e4 b5 6. e5 Nd5 7. a4 h6 8. axb5
Nxc3 9. bxc3 cxb5 10. Ba3 Qd5 11. Be2 Bb7 12. O-O Nc6 13. Ne1 e6 14. Bxf8 Kxf8
15. f4 Ne7 16. Bf3 Qd7 17. Nc2 g6 18. Ne3 h5 19. f5 Nxf5 20. Nxf5 gxf5 21. Bxh5
a5 22. Bf3 Rh6 23. Qd2 Rg6 24. Bxb7 Qxb7 25. Rf4 Kg7 26. g3 Qd5 27. Ra3 a4 28.
Rf1 Rg4 29. Rf4 Rg6 30. Rf1 Rd8 31. Qg2 Qd7 32. Ra2 b4 33. cxb4 Qxd4+ 34. Qf2
Qxe5 35. Rxa4 Rd3 36. Ra5 Qc3 37. Rb5 Rg4 38. Qe1 Qd4+ 39. Kh1 c3 40. Rc5 Re4
41. Qc1 Ree3 42. Kg2 Re2+ 0-1

[Event "4NCL Division 2c"]
[Site "Telford, ENG"]
[Date "2018.05.06"]
[Round "10.17"]
[White "Cioara, Andrei-Nestor"]
[Black "Rahulan, Thivyaa"]
[Result "1-0"]
[WhiteElo "2450"]
[BlackElo "2020"]
[PlyCount "79"]
[EventDate "2018.05.06"]
[WhiteTeam "Manx Liberty"]
[BlackTeam "Manchester Manticores 1"]

1. d4 e6 2. c4 f5 3. g3 Nf6 4. Bg2 Be7 5. Nf3 d5 6. O-O O-O 7. Qc2 c6 8. Nc3
Ne4 9. b3 b6 10. Bb2 Bb7 11. Ne5 Bd6 12. Nxe4 fxe4 13. f3 exf3 14. exf3 Bxe5
15. dxe5 Qe7 16. f4 Na6 17. Kh1 Rad8 18. a3 d4 19. b4 c5 20. b5 Nb8 21. a4 Qc7
22. a5 a6 23. Ba3 Rf7 24. axb6 Qxb6 25. Rab1 Rc7 26. f5 Bxg2+ 27. Kxg2 Qb7+ 28.
Kg1 Qc8 29. b6 Rc6 30. b7 Qc7 31. Qe4 d3 32. f6 gxf6 33. exf6 Qf7 34. Qe5 Rc7
35. Bxc5 Nc6 36. Qg5+ Kh8 37. Be7 Rg8 38. Qc5 Rb8 39. Bd6 Rcxb7 40. Bxb8 1-0

[Event "4NCL Division 2c"]
[Site "Telford, ENG"]
[Date "2018.05.06"]
[Round "10.18"]
[White "Mulleady, Peter J"]
[Black "Jaracz, Barbara"]
[Result "0-1"]
[WhiteElo "2087"]
[BlackElo "2245"]
[PlyCount "110"]
[EventDate "2018.05.06"]
[WhiteTeam "Manchester Manticores 1"]
[BlackTeam "Manx Liberty"]

1. d4 d5 2. Bf4 e6 3. e3 c5 4. c3 Nc6 5. Nd2 Bd6 6. Bg3 Nf6 7. Bd3 O-O 8. f4 b6
9. Ngf3 Ne7 10. Ne5 Nf5 11. Bf2 Be7 12. g4 Nd6 13. Nc6 Qc7 14. Nxe7+ Qxe7 15.
Bh4 Bb7 16. Qf3 Rfe8 17. Qh3 Nde4 18. Nf3 cxd4 19. exd4 Qd6 20. Ne5 Nd7 21. O-O
Nf8 22. Rae1 f6 23. Nf3 Ng6 24. Bxe4 dxe4 25. Nd2 Nxf4 26. Qe3 Nd5 27. Nxe4 Qd7
28. Qg3 e5 29. dxe5 fxe5 30. Bg5 Rf8 31. h3 Nf4 32. Bxf4 exf4 33. Rxf4 Rxf4 34.
Qxf4 Rf8 35. Qe3 Qc6 36. Qe2 h6 37. Ng3 Qc5+ 38. Qe3 Rf3 39. Qxc5 Rxg3+ 40. Kf1
bxc5 41. Re7 Rf3+ 42. Ke2 Rf7 43. Re5 Bg2 44. Rxc5 Bxh3 45. g5 Kh7 46. gxh6
Kxh6 47. b4 g5 48. Re5 Kh5 49. a4 Kh4 50. Re8 Bg4+ 51. Ke3 Bh5 52. Rg8 g4 53.
c4 g3 54. c5 g2 55. c6 Bg4 0-1

[Event "4NCL Division 2c"]
[Site "Telford, ENG"]
[Date "2018.05.06"]
[Round "10.21"]
[White "Taylor, Adam C"]
[Black "Walker, David J"]
[Result "1-0"]
[WhiteElo "2267"]
[BlackElo "2285"]
[PlyCount "93"]
[EventDate "2018.05.06"]
[WhiteTeam "Wood Green Monarchs"]
[BlackTeam "North East England"]

1. Nf3 d5 2. g3 c6 3. Bg2 Bg4 4. O-O Nd7 5. h3 Bxf3 6. Bxf3 e5 7. d3 Ngf6 8. c4
dxc4 9. dxc4 Be7 10. Nc3 O-O 11. Qc2 Qc7 12. b3 Rfe8 13. Bb2 Bf8 14. Rad1 Nc5
15. Ne4 Ncxe4 16. Bxe4 Nxe4 17. Qxe4 Rad8 18. Bc3 f6 19. g4 Rxd1 20. Rxd1 Rd8
21. Rd3 Rxd3 22. exd3 Qd7 23. Kg2 Bd6 24. a4 Bc7 25. Kf3 h5 26. Qf5 hxg4+ 27.
hxg4 Qxf5+ 28. gxf5 a5 29. Ke4 Kf7 30. Bd2 g5 31. Be3 Ke7 32. Bc5+ Kd7 33. d4
exd4 34. Bxd4 Bd8 35. Bc5 b6 36. Ba3 Be7 37. Bb2 Kd6 38. Bd4 c5 39. Bc3 Bd8 40.
f4 gxf4 41. Kxf4 Ke7 42. Ke4 Kd7 43. Kd5 Be7 44. Bd2 Bd6 45. Bh6 Be7 46. Bf4
Bd8 47. Bd6 1-0

[Event "4NCL Division 2c"]
[Site "Telford, ENG"]
[Date "2018.05.06"]
[Round "10.23"]
[White "Kryger, Oksana"]
[Black "Dunn, Andrew"]
[Result "1/2-1/2"]
[WhiteElo "2171"]
[BlackElo "2237"]
[PlyCount "48"]
[EventDate "2018.05.06"]
[WhiteTeam "Wood Green Monarchs"]
[BlackTeam "North East England"]

1. d4 d5 2. c4 e6 3. Nc3 Be7 4. Nf3 Nf6 5. Bf4 c6 6. e3 Nbd7 7. h3 O-O 8. a3
dxc4 9. Bxc4 Nb6 10. Bd3 Nbd5 11. Bh2 Qa5 12. Qc1 Nxc3 13. Qxc3 Qxc3+ 14. bxc3
b6 15. O-O Bb7 16. Nd2 c5 17. a4 cxd4 18. cxd4 Bb4 19. Nc4 Be4 20. Bxe4 Nxe4
21. Rfb1 Bc3 22. Ra2 Rfc8 23. Nd6 Nxd6 24. Bxd6 Rc6 1/2-1/2

[Event "4NCL Division 2c"]
[Site "Telford, ENG"]
[Date "2018.05.06"]
[Round "10.25"]
[White "Sygnowski, Tomasz"]
[Black "Dargan, Paul A G"]
[Result "1-0"]
[WhiteElo "2132"]
[BlackElo "2207"]
[PlyCount "129"]
[EventDate "2018.05.06"]
[WhiteTeam "Wood Green Monarchs"]
[BlackTeam "North East England"]

1. e4 c5 2. Nf3 Nc6 3. d4 cxd4 4. Nxd4 Nf6 5. Nc3 e5 6. Nxc6 bxc6 7. Bc4 Bb4 8.
O-O O-O 9. Qd3 Re8 10. Bg5 h6 11. Bh4 g5 12. Bg3 Bxc3 13. bxc3 d5 14. exd5 cxd5
15. Bb3 Bb7 16. Rad1 Qb6 17. h4 Ba6 18. c4 dxc4 19. Bxc4 e4 20. Qe2 Bxc4 21.
Qxc4 Rac8 22. Qa4 Nh5 23. Bh2 e3 24. fxe3 Rxe3 25. Kh1 Ng3+ 26. Bxg3 Rxg3 27.
Qe4 gxh4 28. Rxf7 Qg6 29. Qxg6+ Rxg6 30. Rxa7 Rg7 31. Rxg7+ Kxg7 32. Ra1 Rxc2
33. a4 Rc6 34. a5 Ra6 35. Kg1 Kf6 36. Kf2 Kf5 37. Ra4 Ke5 38. Rxh4 Kd5 39. Rh5+
Ke4 40. Kg3 Rg6+ 41. Kh3 Kd4 42. g4 Kc4 43. Kh4 Kb4 44. Rd5 Rc6 45. Kh5 Re6 46.
Rd8 Kxa5 47. Rh8 Kb5 48. Rxh6 Re8 49. Rd6 Kc5 50. Rd7 Kc6 51. Rf7 Kd6 52. g5
Ke6 53. g6 Rh8+ 54. Kg5 Rh1 55. Rf2 Ke7 56. g7 Rh3 57. Kg6 Rg3+ 58. Kh7 Rh3+
59. Kg8 Rh4 60. Re2+ Kd7 61. Kf7 Rf4+ 62. Kg6 Rg4+ 63. Kf6 Kd6 64. Rd2+ Kc7 65.
Rf2 1-0

[Event "4NCL Division 2c"]
[Site "Telford, ENG"]
[Date "2018.05.06"]
[Round "10.26"]
[White "Dalton, Joseph"]
[Black "Pein, Jonathan"]
[Result "1-0"]
[WhiteElo "2207"]
[BlackElo "2133"]
[PlyCount "81"]
[EventDate "2018.05.06"]
[WhiteTeam "North East England"]
[BlackTeam "Wood Green Monarchs"]

1. d4 g6 2. Nf3 Bg7 3. Nc3 d6 4. e4 a6 5. Be3 Nd7 6. Qd2 b5 7. Bd3 Bb7 8. a3
Rc8 9. h4 h6 10. O-O-O c5 11. Kb1 Qc7 12. Rhe1 e6 13. dxc5 Nxc5 14. Bxb5+ Kf8
15. Bd3 Nf6 16. Bd4 Kg8 17. Nh2 e5 18. Bxc5 Qxc5 19. Qe3 Qa5 20. Nf1 d5 21. Qa7
Rc7 22. exd5 Kh7 23. h5 Nxh5 24. d6 Rd7 25. Be4 Bc6 26. Qe3 Bxe4 27. Nxe4 Qd8
28. Qc5 Nf4 29. Ne3 Qb8 30. Nd5 Nxd5 31. Qxd5 Rhd8 32. Rh1 Qb5 33. Qa2 Qc6 34.
f3 a5 35. Rd2 Kh8 36. g4 a4 37. g5 h5 38. Qd5 Qxd5 39. Rxd5 Bf8 40. Rhd1 Kg7
41. Rxe5 1-0

[Event "4NCL Division 2c"]
[Site "Telford, ENG"]
[Date "2018.05.06"]
[Round "10.27"]
[White "Ashworth, Michael"]
[Black "Henderson, David"]
[Result "1/2-1/2"]
[WhiteElo "2140"]
[BlackElo "2125"]
[PlyCount "91"]
[EventDate "2018.05.06"]
[WhiteTeam "Wood Green Monarchs"]
[BlackTeam "North East England"]

1. Nf3 d5 2. g3 Bf5 3. Bg2 c6 4. O-O Nf6 5. b3 h6 6. Bb2 e6 7. d3 Be7 8. Nbd2
O-O 9. Ne5 Nbd7 10. e4 Bh7 11. Qe2 Re8 12. Rae1 Nxe5 13. Bxe5 Nd7 14. Bb2 Qc7
15. e5 Kh8 16. f4 Bf8 17. Bh3 c5 18. Nf3 d4 19. c4 dxc3 20. Bxc3 Nb6 21. Rc1
Qd7 22. Rfd1 Nd5 23. Ba1 Qb5 24. Bf1 Rac8 25. d4 Qxe2 26. Bxe2 cxd4 27. Bxd4 a6
28. Rxc8 Rxc8 29. Bd3 Bxd3 30. Rxd3 Rc1+ 31. Kg2 Bb4 32. a4 Rc2+ 33. Kh3 Kg8
34. Nh4 Bc3 35. Bxc3 Rxc3 36. Rxc3 Nxc3 37. Nf3 Kf8 38. Kg2 Ke7 39. Kf2 Kd7 40.
Ke3 Kc6 41. Kd3 Nd1 42. Kd4 Nf2 43. Nd2 Ng4 44. Nf3 Nf2 45. Nd2 Ng4 46. Nf3
1/2-1/2

[Event "4NCL Division 2c"]
[Site "Telford, ENG"]
[Date "2018.05.06"]
[Round "10.28"]
[White "Smith, Lynda"]
[Black "Guha, Chirag"]
[Result "1/2-1/2"]
[WhiteElo "1960"]
[BlackElo "1982"]
[PlyCount "100"]
[EventDate "2018.05.06"]
[WhiteTeam "North East England"]
[BlackTeam "Wood Green Monarchs"]

1. e4 e5 2. Nf3 Nc6 3. Bb5 f5 4. Nc3 fxe4 5. Nxe4 d5 6. Nxe5 dxe4 7. Nxc6 Qg5
8. Qe2 Nf6 9. f4 Qxf4 10. Nxa7+ Kd8 11. Nxc8 Kxc8 12. d4 Qf5 13. Rf1 Qd5 14.
Qc4 Bd6 15. g3 Qh5 16. Qe2 Qd5 17. c3 Ra5 18. Bc4 Qh5 19. Bf4 Qe8 20. O-O-O Qd7
21. b4 Rf5 22. Bxd6 Rxf1 23. Rxf1 Qxd6 24. Qf2 Qc6 25. Qf5+ Kb8 26. Qg5 Qd6 27.
Qc5 Qd7 28. Qf5 Qd6 29. Qe6 Qd8 30. Qf7 Qf8 31. Qxf8+ Rxf8 32. Be6 Re8 33. d5
c6 34. c4 cxd5 35. cxd5 Kc7 36. g4 Kd6 37. Kd2 Nxd5 38. Bxd5 Kxd5 39. Rf7 Kd4
40. Rxb7 Ra8 41. Rd7+ Ke5 42. Rxg7 Rxa2+ 43. Ke3 Rxh2 44. Re7+ Kd5 45. Rxe4 h5
46. Rf4 hxg4 47. Rxg4 Rh3+ 48. Kd2 Kc6 49. Rg5 Rb3 50. Rg4 Kb5 1/2-1/2

[Event "4NCL Division 2c"]
[Site "Telford, ENG"]
[Date "2018.05.06"]
[Round "10.31"]
[White "Szczepkowska, Karina"]
[Black "Plueg, Andreas"]
[Result "1-0"]
[WhiteElo "2403"]
[BlackElo "2290"]
[PlyCount "69"]
[EventDate "2018.05.06"]
[WhiteTeam "Celtic Tigers"]
[BlackTeam "Anglian Avengers 1"]

1. d4 Nf6 2. c4 e6 3. Nf3 Bb4+ 4. Bd2 Be7 5. Nc3 d5 6. Bf4 O-O 7. Rc1 c5 8.
dxc5 Bxc5 9. e3 Nc6 10. a3 a6 11. cxd5 exd5 12. Bd3 h6 13. O-O Qe7 14. Bb1 Rd8
15. Nd4 Nxd4 16. exd4 Ba7 17. Re1 Be6 18. Be5 Rac8 19. h3 Rc6 20. Qd3 Kf8 21.
Rcd1 Ng8 22. Ne2 Bb8 23. f4 Ba7 24. f5 f6 25. Nf4 Bf7 26. Bb8 Bxb8 27. Rxe7
Nxe7 28. Qd2 Ba7 29. b3 Rcd6 30. Kh1 Nc6 31. Re1 Bxd4 32. Ne6+ Bxe6 33. fxe6
Be5 34. Bf5 Nd4 35. e7+ 1-0

[Event "4NCL Division 2c"]
[Site "Telford, ENG"]
[Date "2018.05.06"]
[Round "10.32"]
[White "Lewis, Andrew P"]
[Black "Kulon, Klaudia"]
[Result "1/2-1/2"]
[WhiteElo "2279"]
[BlackElo "2319"]
[PlyCount "90"]
[EventDate "2018.05.06"]
[WhiteTeam "Anglian Avengers 1"]
[BlackTeam "Celtic Tigers"]

1. c4 Nf6 2. Nc3 g6 3. e4 d6 4. d4 Bg7 5. Nf3 O-O 6. Be2 e5 7. d5 Nbd7 8. Be3
Nc5 9. Nd2 a5 10. a3 Qd7 11. b4 axb4 12. axb4 Rxa1 13. Qxa1 Na6 14. Qa3 Ng4 15.
Bxg4 Qxg4 16. O-O f5 17. Kh1 Qh5 18. exf5 gxf5 19. f4 Bh6 20. Nf3 Re8 21. b5
Nb8 22. b6 c5 23. dxc6 Nxc6 24. Nd5 Qf7 25. Qxd6 Be6 26. fxe5 Bxd5 27. cxd5
Bxe3 28. dxc6 bxc6 29. Qxc6 Qe6 30. Qxe6+ Rxe6 31. b7 Rb6 32. g3 Rxb7 33. Nh4
Bg5 34. Nxf5 Rb5 35. e6 Re5 36. h4 Bf6 37. Nh6+ Kg7 38. Ng4 Rxe6 39. Nxf6 Rxf6
40. Rxf6 Kxf6 41. g4 Ke5 42. Kg2 Kf4 43. Kh3 h6 44. h5 Kf3 45. Kh4 Kf4 1/2-1/2

[Event "4NCL Division 2c"]
[Site "Telford, ENG"]
[Date "2018.05.06"]
[Round "10.33"]
[White "Hoffmann, Hendrik"]
[Black "Player, Edmund C"]
[Result "0-1"]
[WhiteElo "2226"]
[BlackElo "2230"]
[PlyCount "78"]
[EventDate "2018.05.06"]
[WhiteTeam "Celtic Tigers"]
[BlackTeam "Anglian Avengers 1"]

1. e4 e6 2. d4 d5 3. Nc3 Nf6 4. e5 Nfd7 5. f4 c5 6. Nf3 Nc6 7. Be3 Be7 8. dxc5
Nxc5 9. Bb5 Bd7 10. Qd2 O-O 11. Qf2 b6 12. O-O f6 13. Qg3 Na5 14. b4 Bxb5 15.
Nxb5 Nc4 16. Nfd4 Ne4 17. Qh3 Nxe3 18. Qxe3 Qd7 19. a3 Rac8 20. f5 fxe5 21.
fxe6 Qe8 22. Rxf8+ Bxf8 23. e7 Bxe7 24. Nf5 Bg5 25. Qd3 Qe6 26. Rf1 g6 27. h4
gxf5 28. hxg5 Qd7 29. Nxa7 Qxa7 30. Qxd5+ Qf7 31. Qxe5 Rf8 32. g4 Nxg5 33. gxf5
Qf6 34. Qd5+ Kh8 35. Qd3 Rg8 36. Kf2 Qe5 37. Re1 Qh2+ 38. Kf1 Qh1+ 39. Kf2 Nh3+
0-1

[Event "4NCL Division 2c"]
[Site "Telford, ENG"]
[Date "2018.05.06"]
[Round "10.34"]
[White "Talsma, Paul"]
[Black "Maciol, Ryszard"]
[Result "1-0"]
[WhiteElo "2207"]
[BlackElo "2161"]
[PlyCount "55"]
[EventDate "2018.05.06"]
[WhiteTeam "Anglian Avengers 1"]
[BlackTeam "Celtic Tigers"]

1. d4 Nf6 2. c4 e6 3. Nc3 Bb4 4. a3 Bxc3+ 5. bxc3 c5 6. e3 Nc6 7. Bd3 d6 8. Ne2
e5 9. e4 h6 10. O-O O-O 11. d5 Na5 12. f3 b6 13. g4 Nh7 14. Ng3 Qh4 15. Ra2 Ng5
16. Rg2 Nh3+ 17. Kh1 g6 18. f4 Bxg4 19. Be2 Bxe2 20. Qxe2 Nxf4 21. Bxf4 exf4
22. Nf5 Qf6 23. Qh5 Rfd8 24. Rxf4 Qxc3 25. Ne7+ Kf8 26. Rxf7+ Kxf7 27. Qxg6+
Kxe7 28. Qe6+ 1-0

[Event "4NCL Division 2c"]
[Site "Telford, ENG"]
[Date "2018.05.06"]
[Round "10.35"]
[White "Jarvinen, Rauno"]
[Black "Gallagher, Daniel GH"]
[Result "0-1"]
[WhiteElo "2222"]
[BlackElo "2163"]
[PlyCount "96"]
[EventDate "2018.05.06"]
[WhiteTeam "Celtic Tigers"]
[BlackTeam "Anglian Avengers 1"]

1. c4 Nf6 2. g3 g6 3. Bg2 Bg7 4. Nc3 d6 5. e3 O-O 6. Nge2 e5 7. O-O Re8 8. d3
c6 9. e4 Be6 10. f4 Qb6+ 11. Kh1 Ng4 12. f5 Bd7 13. Qe1 Ne3 14. Na4 Nxg2 15.
Kxg2 Qd8 16. g4 d5 17. Rf3 b5 18. Nc5 bxc4 19. dxc4 Bf8 20. b4 a5 21. Rh3 axb4
22. Nb7 Qf6 23. c5 Na6 24. Be3 d4 25. Bd2 Nxc5 26. Nxc5 Bxc5 27. Qc1 Be7 28. g5
Qd6 29. Qe1 Ra3 30. Rh6 Bf8 31. Qh4 Bxh6 32. gxh6 b3 33. Rf1 bxa2 34. Ra1 c5
35. Ng3 Rxg3+ 36. Qxg3 Qc6 37. Qh4 Bxf5 38. Rxa2 Qxe4+ 39. Qxe4 Bxe4+ 40. Kf2
Ra8 41. Rb2 c4 42. Bg5 f5 43. Rb5 c3 44. Rxe5 d3 45. Re7 Ra2+ 46. Kg3 d2 47.
Rd7 Bc6 48. Rg7+ Kf8 0-1

[Event "4NCL Division 2c"]
[Site "Telford, ENG"]
[Date "2018.05.06"]
[Round "10.36"]
[White "Menzies, Colin"]
[Black "Pedersen, Carsten"]
[Result "1/2-1/2"]
[WhiteElo "2150"]
[BlackElo "2129"]
[PlyCount "81"]
[EventDate "2018.05.06"]
[WhiteTeam "Anglian Avengers 1"]
[BlackTeam "Celtic Tigers"]

1. d4 Nf6 2. Bg5 e6 3. e4 h6 4. Bxf6 Qxf6 5. Nf3 d6 6. Bd3 Nd7 7. Nbd2 g6 8.
O-O Bg7 9. a4 O-O 10. a5 Qe7 11. Re1 e5 12. c3 Rd8 13. Nc4 Nf8 14. Ne3 c6 15.
g3 a6 16. b4 h5 17. d5 Bh6 18. Bc4 Qc7 19. Qd3 c5 20. Nd2 Nd7 21. Bb3 Nf6 22.
Ndc4 Nd7 23. Ra2 Rb8 24. Ba4 Kg7 25. Rc2 Bxe3 26. Qxe3 b5 27. axb6 Nxb6 28.
Nxb6 Rxb6 29. bxc5 Qxc5 30. Qxc5 dxc5 31. Kg2 c4 32. f4 exf4 33. gxf4 f5 34.
Bc6 fxe4 35. Rxe4 Bf5 36. Re7+ Kf6 37. Rce2 Rb3 38. Ra7 Rxc3 39. Rxa6 Rd6 40.
Ra8 Rc2 41. Rxc2 1/2-1/2

[Event "4NCL Division 2c"]
[Site "Telford, ENG"]
[Date "2018.05.06"]
[Round "10.37"]
[White "Stevenson, James"]
[Black "Moore, Graham J"]
[Result "0-1"]
[WhiteElo "2049"]
[BlackElo "2196"]
[PlyCount "104"]
[EventDate "2018.05.06"]
[WhiteTeam "Celtic Tigers"]
[BlackTeam "Anglian Avengers 1"]

1. f4 d5 2. Nf3 Nc6 3. e3 Bg4 4. Be2 Bxf3 5. Bxf3 e5 6. fxe5 Nxe5 7. Nc3 c6 8.
b3 d4 9. exd4 Qxd4 10. Bb2 O-O-O 11. Qe2 Nxf3+ 12. gxf3 Qh4+ 13. Kd1 Nf6 14.
Kc1 Bb4 15. Qc4 Rd4 16. Qxf7 Re8 17. Ne4 Bxd2+ 18. Kb1 Rdxe4 19. fxe4 Qxe4 20.
Rf1 Nd5 21. Bxg7 Ne3 22. Qxe8+ Qxe8 23. Rf8 Qxf8 24. Bxf8 Bc3 25. Bh6 Nxc2 26.
Kxc2 Bxa1 27. a4 b6 28. Kd3 Kd7 29. Ke4 Ke6 30. Be3 Bc3 31. h3 Be1 32. Bd4 c5
33. Be5 a6 34. Bc7 b5 35. axb5 axb5 36. Bb6 Kd6 37. Bd8 Bc3 38. Bg5 Kc6 39. Be3
c4 40. bxc4 bxc4 41. Bc1 Kb5 42. Kd5 Kb4 43. h4 h5 44. Ba3+ Kb3 45. Bc1 Bf6 46.
Bf4 Bxh4 47. Ke4 c3 48. Be5 c2 49. Bf4 Kb2 50. Kf3 Kb1 51. Be3 Bf6 52. Kg3 Bb2
0-1

[Event "4NCL Division 2c"]
[Site "Telford, ENG"]
[Date "2018.05.06"]
[Round "10.38"]
[White "Gregory, Stephen J"]
[Black "Skulte, Christopher"]
[Result "1/2-1/2"]
[WhiteElo "2095"]
[BlackElo "1965"]
[PlyCount "95"]
[EventDate "2018.05.06"]
[WhiteTeam "Anglian Avengers 1"]
[BlackTeam "Celtic Tigers"]

1. e4 d5 2. exd5 Nf6 3. Nc3 Nxd5 4. Bc4 c6 5. Qf3 e6 6. Nge2 Be7 7. d4 Nd7 8.
Bd2 a5 9. Qg3 O-O 10. a3 b5 11. Bd3 Nxc3 12. bxc3 Bf6 13. O-O e5 14. Qf3 Bb7
15. Be3 Qc7 16. Rad1 g6 17. dxe5 Bxe5 18. Qh3 Nb6 19. f4 Bg7 20. f5 Nd5 21. Bc5
Rfe8 22. Rf3 Rxe2 23. fxg6 hxg6 24. Bxe2 Nf4 25. Rxf4 Qxf4 26. Bf3 Qg5 27. Bb6
Bc8 28. Qg3 Qxg3 29. hxg3 Bf5 30. Rd6 Bxc2 31. Bxc6 Rc8 32. Bxa5 Bf8 33. Rd8
Rxd8 34. Bxd8 Bc5+ 35. Kh2 Bd3 36. a4 bxa4 37. Bxa4 f5 38. Kh3 Bc4 39. Be8 Kg7
40. Bg5 Be2 41. Bc6 Bd6 42. Bd5 Bc5 43. Bc1 Kf6 44. Bb2 g5 45. c4+ Kg6 46. Kh2
g4 47. Be6 Bd3 48. Be5 1/2-1/2

[Event "4NCL Division 2c"]
[Site "Telford, ENG"]
[Date "2018.05.06"]
[Round "10.41"]
[White "Willis, Rupert"]
[Black "Kilpatrick, Callum"]
[Result "0-1"]
[WhiteElo "2128"]
[BlackElo "2349"]
[PlyCount "70"]
[EventDate "2018.05.06"]
[WhiteTeam "Grantham Sharks 2"]
[BlackTeam "Guildford 3"]

1. c4 Nf6 2. g3 g6 3. Nc3 d5 4. cxd5 Nxd5 5. Bg2 Nb6 6. d3 Bg7 7. Be3 Nc6 8.
Qd2 h6 9. Nf3 e5 10. O-O Nd4 11. Rac1 Be6 12. Ne1 c6 13. f4 Nf5 14. Bc5 Nc4 15.
Qd1 Nce3 16. Qa4 Nxf1 17. Kxf1 Bf8 18. Bxf8 Kxf8 19. fxe5 Qb6 20. Nc2 Qxb2 21.
Qa3+ Qxa3 22. Nxa3 Ne3+ 23. Kf2 Ng4+ 24. Kg1 Nxe5 25. Rb1 Rb8 26. d4 Nd7 27. e4
Kg7 28. Nc2 Rhd8 29. a4 Nf6 30. h3 Bc4 31. Bf1 Bxf1 32. Kxf1 b5 33. a5 b4 34.
e5 bxc3 35. exf6+ Kxf6 0-1

[Event "4NCL Division 2c"]
[Site "Telford, ENG"]
[Date "2018.05.06"]
[Round "10.43"]
[White "Birtwistle, Nigel"]
[Black "Osborne, Marcus E"]
[Result "1-0"]
[WhiteElo "2136"]
[BlackElo "2152"]
[PlyCount "93"]
[EventDate "2018.05.06"]
[WhiteTeam "Grantham Sharks 2"]
[BlackTeam "Guildford 3"]

1. Nf3 g6 2. d4 Nf6 3. g3 Bg7 4. Bg2 O-O 5. O-O c5 6. c3 Qc7 7. Re1 d6 8. h3 b6
9. e4 Rd8 10. d5 Nbd7 11. Qc2 b5 12. a4 bxa4 13. Rxa4 Rb8 14. Nbd2 Nb6 15. Ra2
a5 16. c4 Nfd7 17. b3 Ne5 18. Nh4 Bb7 19. Bb2 e6 20. f4 Ned7 21. Bxg7 Kxg7 22.
Qc3+ e5 23. Rxa5 Ra8 24. Rea1 Rxa5 25. Rxa5 Re8 26. Nhf3 Qd8 27. fxe5 dxe5 28.
b4 Qc7 29. Kh2 Kg8 30. bxc5 Nxc5 31. Qe3 Nba4 32. Rb5 Ba6 33. Rb1 Nb6 34. Bf1
Kg7 35. Qc3 Nbd7 36. Be2 Nf6 37. Bd3 Kg8 38. Qc2 Nh5 39. Be2 f5 40. Nh4 Nf6 41.
exf5 g5 42. Ng2 e4 43. Qb2 Nxd5 44. Bh5 Na4 45. Qd4 Ndc3 46. Bxe8 Nxb1 47. Bxa4
1-0